UBT Library

The art of hitting .300 / (Record no. 40915)

000 -LEADER
fixed length control field 00584nam a2200217 a 4500
001 - CONTROL NUMBER
control field 1444507
005 - DATE AND TIME OF LATEST TRANSACTION
control field 20180125043422.0
008 - FIXED-LENGTH DATA ELEMENTS--GENERAL INFORMATION
fixed length control field 851227s1986 nyua 001 0 eng
010 ## - LIBRARY OF CONGRESS CONTROL NUMBER
LC control number 85052464
020 ## - INTERNATIONAL STANDARD BOOK NUMBER
International Standard Book Number 0525482199 (pbk.) :
Terms of availability $10.95
020 ## - INTERNATIONAL STANDARD BOOK NUMBER
International Standard Book Number 0525244352 (hard)
040 ## - CATALOGING SOURCE
Original cataloging agency DLC
Transcribing agency DLC
Modifying agency DLC
041 ## - LANGUAGE CODE
Language code of text/sound track or separate title eng
080 ## - UNIVERSAL DECIMAL CLASSIFICATION NUMBER
Universal Decimal Classification number 796.35726 CHA
082 00 - DEWEY DECIMAL CLASSIFICATION NUMBER
Classification number 796.35726 CHA
Edition number 19
100 1# - Rafti
Rafti 44
101 ## - Shkurtesa
Shkurtesa ART
245 14 - TITLE STATEMENT
Title The art of hitting .300 /
Statement of responsibility, etc by Charley Lau with Alfred Glossbrenner.
906 ## - LOCAL DATA ELEMENT F, LDF (RLIN)
a 7
b cbc
c orignew
d 3
e ocip
f 19
g y-gencatlg
942 ## - ADDED ENTRY ELEMENTS (KOHA)
Source of classification or shelving scheme
Item type Books
Holdings
Withdrawn status Lost status Source of classification or shelving scheme Damaged status Not for loan Collection code Permanent location Current location Shelving location Date acquired Total Checkouts Full call number Barcode Date last seen Price effective from Koha item type
          Koleksioni i përgjithshem UBT - Lipjan UBT - Lipjan Koleksioni i përgjithshem 01/25/2018   796.35726 CHA 002-2996491 01/25/2018 01/25/2018 Books
UBT Library © 2015-2024. All rights reserved University Education for Business and Technology